00319nam a2200121Ia 4500008004100000041000800041082001200049100002500061245004500086260002700131300003000158365000900188240624s9999 xx 000 0 und d aeng a808 LOR aOBERLIN LORIANN HOFF aWRITING FOR QUICK CASH TURN YOUR WAY WIT c2004aNew YorkbAMACOM axi, : 226 : p. : cm. ; 23 cb28